Ulice Skarżyska-Kamiennej na mapie - Statystyki

Ogólne statystyki
  • Ten quiz został rozwiązany 21 razy
    12 od ostatniego zresetowania
  • Średni wynik to 497 z 1050
Odpowiedzi na mapie
Odpowiedzi zakodowano w zielono-czerwonej skali na mapie do tego quizu, zgodnie z poniższymi procentami.
 
Statystyki odpowiedzi
Odpowiedź % Poprawnych
1 Maja
89%
3 Maja
89%
Mickiewicza
89%
Krasińskiego
78%
Piłsudskiego
78%
Słowackiego
78%
Warszawska
78%
Żeromskiego
78%
Konarskiego
67%
Kościelna
67%
Krakowska
67%
Łyżwy
67%
Młodzawy
67%
Piękna
67%
Tysiąclecia
67%
Zielna
67%
11 Listopada
56%
Dobra
56%
Górnicza
56%
Kopernika
56%
Książęca
56%
Legionów
56%
Niepodległości
56%
Norwida
56%
Orla
56%
Podjazdowa
56%
Ponurego
56%
Rajdowa
56%
Rejowska
56%
Rycerska
56%
Rynek
56%
Spółdzielcza
56%
Towarowa
56%
Wiejska
56%
Wojska Polskiego
56%
Apteczna
44%
Armii Krajowej
44%
Asfaltowa
44%
Bernatka
44%
Brzozowa
44%
Bukowa
44%
Bursztynowa
44%
Cicha
44%
Długa
44%
Ekonomii
44%
Główna
44%
Grottgera
44%
Grzybowa
44%
Handlowa
44%
Jana Pawła II
44%
Jodłowa
44%
Kilińskiego
44%
Konopnickiej
44%
Langiewicza
44%
Leśna
44%
Leśna Polana
44%
Metalowców
44%
Miła
44%
Modrzewiowa
44%
Moniuszki
44%
Multanka
44%
Niska
44%
Nizinna
44%
Obuwnicza
44%
Organizacji Orzeł Biały
44%
Paryska
44%
Podemłynek
44%
Południowa
44%
Praga
44%
Prosta
44%
Prusa
44%
Reja
44%
Roweckiego
44%
Sienkiewicza
44%
Sikorskiego
44%
Słoneczna
44%
Sokola
44%
Sportowa
44%
Szkolna
44%
Szmaragdowa
44%
Szpitalna
44%
Szydłowiecka
44%
Tartaczna
44%
Traugutta
44%
Turystyczna
44%
Wileńska
44%
Żurawia
44%
Żytnia
44%
17 Stycznia
33%
Asnyka
33%
Bankowa
33%
Bazaltowa
33%
Bobowskich
33%
Brata Alberta
33%
Ciepła
33%
Cmentarna
33%
Dygasińskiego
33%
Fabryczna
33%
Gajowa
33%
Granitowa
33%
Harcerska
33%
Jastrzębia
33%
Jesionowa
33%
Kasztanowa
33%
Kochanowskiego
33%
Kolejowa
33%
Kosmonautów
33%
Krzemowa
33%
Krzywa
33%
Łąkowa
33%
Łowiecka
33%
Malinowa
33%
Odlewnicza
33%
Okrzei
33%
Orkana
33%
Parkingowa
33%
Podlaska
33%
Popiełuszki
33%
Powstańców Warszawy
33%
Poziomkowa
33%
Przechodnia
33%
Przekątna
33%
Ptasia
33%
Pułaskiego
33%
Skalna
33%
Spokojna
33%
Staffa
33%
Świętokrzyska
33%
Tokarska
33%
Topolowa
33%
Torowa
33%
Urzędnicza
33%
Wierzbowa
33%
Wieżowa
33%
Wiklinowa
33%
Wioślarska
33%
Wysoka
33%
Żwirki i Wigury
33%
Zwycięzców
33%
Akacjowa
22%
Bilskiego
22%
Budowlanych
22%
Chemiczna
22%
Chłodna
22%
Czachowskiego
22%
Czerwonego Krzyża
22%
Dębowa
22%
Energetyków
22%
Fałata
22%
Franciszkańska
22%
Głogowa
22%
Grabowa
22%
Graniczna
22%
Jagiellońska
22%
Jagodowa
22%
Jałowcowa
22%
Jaracza
22%
Jaskółcza
22%
Jeżynowa
22%
Kanarkowa
22%
Klonowa
22%
Kossaka
22%
Lipowa
22%
Lotnicza
22%
Mościckiego
22%
Mostowa
22%
Nowa
22%
Oleśnicka
22%
Orzeszkowej
22%
Pogodna
22%
Polna
22%
Porzeczkowa
22%
Przemysłowa
22%
Robotnicza
22%
Różana
22%
Rumiankowa
22%
Rzeczna
22%
Rzemieślnicza
22%
Sezamkowa
22%
Słowikowa
22%
Sosnowa
22%
Spacerowa
22%
Sporna
22%
Średnia
22%
Staszica
22%
Stokowa
22%
Świerkowa
22%
Walecznych
22%
Wesoła
22%
Widokowa
22%
Wyspiańskiego
22%
Zacisze
22%
Zagórska
22%
Borówkowa
11%
Chałubińskiego
11%
Długosza
11%
Działkowa
11%
Gierymskiego
11%
Gołębia
11%
Iglasta
11%
Jaworowa
11%
Kościuszki
11%
Kosynierów
11%
Kredytowa
11%
Krucza
11%
Limanowskiego
11%
Mała
11%
Marmurowa
11%
Młoda
11%
Obywatelska
11%
Ogólna
11%
Ogrodnicza
11%
Osterwy
11%
Partyzantów
11%
Piaskowa
11%
Przesmyk
11%
Pszenna
11%
Równoległa
11%
Rybickiego
11%
Rzeźniana
11%
Skowronkowa
11%
Struga
11%
Świeża
11%
Szarych Szeregów
11%
Ukośna
11%
Wąska
11%
Wiśniowa
11%
Witwickich
11%
Wrzosowa
11%
Wschodnia
11%
Wspólna
11%
Zakole
11%
Zaporęba
11%
Zbrojna
11%
Źródlana
11%
Dzielna
0%
Hubala-Dobrzańskiego
0%
Jarzębinowa
0%
Konwaliowa
0%
Małowicza
0%
Matejki
0%
Stokrotkowa
0%
Tulipanowa
0%
Wasilewskiego
0%
Nie znaleziono quizów pasujących do podanych kryteriów
Rozkład punktacji
Procent ludzi z każdym wynikiem
Percentyl według liczby udzielonych odpowiedzi
Twoja historia wyników
Nie rozwiązałeś tego quizu od ostatniego zresetowania